| 000 | 00851nam a22002417a 4500 | ||
|---|---|---|---|
| 005 | 20251108173403.0 | ||
| 008 | 250721s2004 xx 000 0 ara d | ||
| 020 | _a9772932199 | ||
| 082 | 1 | 4 | _a574.191/سلا |
| 100 | 1 |
_aسلام، عبد الستار محمد _eمؤلف |
|
| 245 | 1 | 0 | _aأساسيات الفيزياء الحيوية / |
| 264 | 1 |
_aالقاهرة : _bمكتبة الدار العربية للكتاب، _c2004. |
|
| 300 | _a225ص. | ||
| 490 | 0 | _aالعلوم الأساسية | |
| 650 | 1 | 7 | _aالفيزياء الحيوية |
| 650 | 1 | 7 | _aالطاقة الحيوية |
| 650 | 1 | 7 | _aالأنظمة البيولوجية |
| 650 | 1 | 7 | _aالصوتيات |
| 700 | 1 |
_aطلعت، منى صلاح الدين حسن _eمؤلف |
|
| 700 | 1 |
_aإبراهيم، إبراهيم حسن _eمؤلف |
|
| 942 |
_2ddc _cBK |
||
| 999 |
_c102678 _d102678 |
||